There is a cure for arthritis
| Main Author: | |
|---|---|
| Format: | Book |
| Published: |
New York :
Parker Publishing ,
1968
|
| Subjects: |
MARC
| LEADER | 00000cam a2200000 7i4500 | ||
|---|---|---|---|
| 001 | 0000004832 | ||
| 002 | 000005208 | ||
| 005 | 20000330.0 | ||
| 020 | |a 0139146989 | ||
| 090 | 0 | 0 | |a 616.722 |b AIR |
| 100 | 1 | |a Airola, Paaro O | |
| 245 | 1 | 0 | |a There is a cure for arthritis |c Paaro O.Airola |
| 260 | |a New York : |b Parker Publishing , |c 1968 | ||
| 300 | |a 200p. ; |c 22cm. | ||
| 650 | 0 | 0 | |a Arthritis |x Treatment |
| 999 | |a 037544 |b BUKU |c PINJAMAN |e PERPUSTAKAAN KOMUNITI PETALING JAYA | ||